Central Library || Chittagong University

Human Rights, Gender and Environment / (Record no. 110379)

MARC details
000 -LEADER
fixed length control field 00484nam a22001577a 4500
003 - CONTROL NUMBER IDENTIFIER
control field BD-ChCU
005 - DATE AND TIME OF LATEST TRANSACTION
control field 20251211101658.0
008 - FIXED-LENGTH DATA ELEMENTS--GENERAL INFORMATION
fixed length control field 251211b bg ||||| |||| 00| 0 ben d
040 ## - CATALOGING SOURCE
Transcribing agency BD-ChCU
082 ## - DEWEY DECIMAL CLASSIFICATION NUMBER
Classification number 323.3 B621h
245 ## - TITLE STATEMENT
Title Human Rights, Gender and Environment /
Statement of responsibility, etc. Tapan Biswal
260 ## - PUBLICATION, DISTRIBUTION, ETC.
Place of publication, distribution, etc. New Delhi:
Name of publisher, distributor, etc. Viva Books,
Date of publication, distribution, etc. c2008
300 ## - PHYSICAL DESCRIPTION
Extent 508p.
650 #0 - SUBJECT ADDED ENTRY--TOPICAL TERM
Topical term or geographic name entry element Gender studies — Social conditions Environment — Social and political aspects
9 (RLIN) 18017
942 ## - ADDED ENTRY ELEMENTS (KOHA)
Source of classification or shelving scheme Dewey Decimal Classification
Koha item type Books
Suppress in OPAC No
Holdings
Withdrawn status Lost status Source of classification or shelving scheme Damaged status Not for loan Home library Current library Shelving location Date acquired Source of acquisition Total Checkouts Full call number Barcode Date last seen Copy number Price effective from Koha item type
    Dewey Decimal Classification     Chittagong University Library International Relations Seminar Library Business and Social Science Reading Room 12/11/2025 Purchase   323.3 B621h 268600 12/11/2025 C-1 12/11/2025 Books
© Copyright 2025. Chittagong University Library, Installation and Maintenance by Prof. Dr. Md. Alamgir, 01711306253